| 000 | 00423nam a22001457a 4500 | ||
|---|---|---|---|
| 999 |
_c478260 _d478260 |
||
| 005 | 20180427042251.0 | ||
| 008 | 180427b ||||| |||| 00| 0 eng d | ||
| 040 | _cSMME | ||
| 100 |
_aMalik Scientific _910264 |
||
| 245 |
_aCole-Parmern Delivering Solution You Trust / _cMalik Scientific |
||
| 260 |
_aUnited Kingdom : _bMalik Scientific, _c2012. |
||
| 300 |
_a2064 p. ; _c27 cm. |
||
| 500 | _aPaperback. | ||
| 942 |
_2ddc _cBK |
||